Criticism of theoretical inconsistencies in the field of uneployment and inflation

Uložené v:
Podrobná bibliografia
Hlavný autor: Colas, Antonio Sacristan
Médium: Kniha
Jazyk:English
Vydavateľské údaje: México Colegio Nacional de Economistas 1980
Tagy: Pridať tag
Žiadne tagy, Buďte prvý, kto otaguje tento záznam!

MARC

LEADER 00000nam a2200000 4500
001 c140096
005 20041019155317.8
041 0 |a eng 
044 |a MX 
245 1 0 |a Criticism of theoretical inconsistencies in the field of uneployment and inflation  |c Antonio Sacristan Colas 
264 1 |a México  |b Colegio Nacional de Economistas  |c 1980 
300 |a 41 s. 
100 1 |a Colas, Antonio Sacristan